| 000 | 00589nam a2200229Ia 4500 | ||
|---|---|---|---|
| 003 | OSt | ||
| 005 | 20220924143515.0 | ||
| 006 | a|||||r|||| 00| 0 | ||
| 007 | ta | ||
| 008 | 220923b |||||||| |||| 00| 0 urd d | ||
| 024 | _a308601 | ||
| 037 | _cTextual | ||
| 040 |
_aARTS _cARTS _burd |
||
| 041 |
_2urd _aurd |
||
| 082 | _aO113,1M75x, 168M3 | ||
| 100 |
_aHussain Haadi _9216033 |
||
| 245 | 0 | _aRulke ke 10 nohe | |
| 260 | _c1983 | ||
| 650 |
_aGERMAN LITERATURE _915713 |
||
| 942 |
_hO113,1M75x, 168M3 _cTEXL _2CC |
||
| 999 |
_c454741 _d454741 |
||